000 003250000a22001450004500
003 MACL
040 _aMACL
090 _c49774
_d49772
100 _aRao, Anupama
245 _aDalits and the Politics of modern India
260 _aNew Delhi
_bPermenent Black
_c2010
350 _a750
650 _aSocial
942 _cBOOK
_k307
999 _c49247
_d49247